The rocking horse angel (Record no. 16363)
[ view plain ]
| 000 -LEADER | |
|---|---|
| fixed length control field | 00454nam a22001457a 4500 |
| 008 - FIXED-LENGTH DATA ELEMENTS--GENERAL INFORMATION | |
| fixed length control field | 170315b xxu||||| |||| 00| 0 eng d |
| 020 ## - INTERNATIONAL STANDARD BOOK NUMBER | |
| International Standard Book Number | 0761450726 |
| 040 ## - CATALOGING SOURCE | |
| Original cataloging agency | KABU |
| Transcribing agency | KABU |
| 050 ## - LIBRARY OF CONGRESS CALL NUMBER | |
| Classification number | JNR PZ7 |
| Item number | .M39R63 C.1 |
| 100 ## - MAIN ENTRY--PERSONAL NAME | |
| Personal name | Mayer, Mercer |
| 245 ## - TITLE STATEMENT | |
| Title | The rocking horse angel |
| Remainder of title | story and pictures |
| Statement of responsibility, etc. | by Mercer Mayer |
| 260 ## - PUBLICATION, DISTRIBUTION, ETC. (IMPRINT) | |
| Place of publication, distribution, etc. | New York |
| Name of publisher, distributor, etc. | Marshall Cavendish |
| 300 ## - PHYSICAL DESCRIPTION | |
| Extent | 20 p. |
| 942 ## - ADDED ENTRY ELEMENTS (KOHA) | |
| Source of classification or shelving scheme | Library of Congress Classification |
| Koha item type | Children Collection |
| Classification part | JNR PZ7 .M39K63 C.1 |
| Withdrawn status | Lost status | Source of classification or shelving scheme | Not for loan | Home library | Current library | Shelving location | Date acquired | Total Checkouts | Full call number | Barcode | Date last seen | Copy number | Price effective from | Koha item type |
|---|---|---|---|---|---|---|---|---|---|---|---|---|---|---|
| Library of Congress Classification | Kabarak, Main Campus | Kabarak, Main Campus | Children's Area | 15/03/2017 | JNR PZ7 .M39R63 C.1 | 021862 | 15/03/2017 | C.1 | 15/03/2017 | Children Collection |